Торты по их изображению - Statistics

General Stats
  • This quiz has been taken 35 times
  • The average score is 7 of 16
Answer Stats
Picture Answer % Correct
Муравейник
94%
Медовик
94%
Красный бархат
88%
Наполеон
85%
Чизкейк
85%
Черепаха
68%
Киевский
62%
Три шоколада
59%
Панчо
29%
Чёрный лес
24%
Чародейка
18%
Ленинградский
9%
Шакотис
6%
Дубайский шоколад
6%
Крейзи
3%
Аладдин
3%
No matching quizzes found
Score Distribution
Percent of People with Each Score
Percentile by Number Answered
Your Score History
You have not taken this quiz